Managing the training process : putting the basics into practice

Bibliographic Details
Main Author: Wills, Mike
Format: Book
Published: Berkshire : McGraw - Hill , 1993
Subjects:

MARC

LEADER 00000cam a2200000 7i4500
001 0000002750
005 20021121.0
020 |a 0077078063 
040 |a INS 
090 0 0 |a HF5549.5.T7   |b W4934 1993 
100 1 |a Wills, Mike 
245 1 0 |a Managing the training process :   |b putting the basics into practice   |c by Mike Wills 
260 |a Berkshire :   |b McGraw - Hill ,   |c 1993 
300 |a 269p ;   |c 25cm. 
650 0 0 |a Employees   |x Training of   |x Management 
650 0 0 |a Training 
999 |a 0000006031   |b BOOK   |c Open Shelf   |e Default branch